| 000 | 00700nam a2200229 a 4500 | ||
|---|---|---|---|
| 001 | 63675 | ||
| 003 | BD-RJUL | ||
| 005 | 20211209081225.0 | ||
| 008 | 170202s1954 nyuc b 001 0bengm | ||
| 035 | _a(BD-RJUL)63804 | ||
| 040 |
_aDLC _cDLC _dm.c. _dBD-RJUL _beng |
||
| 041 | _aeng | ||
| 082 |
_223 _a818.3 _bRAL 1954 |
||
| 099 | _aPS1631.W3 | ||
| 100 | 1 |
_aWagenknecht, Edward, _d1900-2004. _9189106 |
|
| 245 | 1 | 0 |
_aRalph Waldo Emerson : _bSelcted prose and poetry / _c[by] Edward Wagenknecht. |
| 260 |
_aNew York : _bOxford University Press, _c1954 |
||
| 300 |
_a485 p. ; _c21 cm. |
||
| 504 | _aBibliography: p. [285]-295. | ||
| 600 | 1 | 0 |
_aEmerson, Ralph Waldo, _d1803-1882. _9189107 |
| 942 |
_2ddc _cBK |
||
| 999 |
_c63675 _d63675 |
||